LEADER 00978nam a2200277Ia 4500 001 991004063879707536 008 081127s2001 ne 000 0 eng d 020 $a906299184X 035 $ab13794590-39ule_inst 040 $aDip.to Fisica$beng 082 00$a617.7/55$22 084 $aLC RE938.5 084 $a617.7 245 00$aPresbyopia :$bcause and treatment /$c[edited by] Ronald A. Schachar, F. Hampton Roy 260 $aHague, Netherlands :$bKugler,$cc2001 300 $aix, 125 p. :$bill. (some col.) ;$c21 cm 504 $aIncludes bibliographical references and index 650 0$aPresbyopia 700 1 $aSchachar, Ronald A. 700 1 $aRoy, Frederick Hampton 907 $a.b13794590$b08-07-15$c27-11-08 912 $a991004063879707536 945 $aLE006 617.7 SCH$g1$i2006000162784$lle006$op$pE45.00$q-$rl$s- $t0$u2$v0$w2$x0$y.i14891165$z27-11-08 996 $aPresbyopia$9242409 997 $aUNISALENTO 998 $ale006$b27-11-08$cm$da $e-$feng$gne $h0$i0 LEADER 02356nas 2200685-a 450 001 996201086103316 005 20240413025645.0 011 $a1564-4278 035 $a(DE-599)ZDB2072347-7 035 $a(CKB)991042729534510 035 $a(CONSER)---87918701- 035 $a(EXLCZ)99991042729534510 100 $a19870309b19862017 -f- a 101 0 $aeng 181 $ctxt$2rdacontent 182 $cc$2rdamedia 183 $acr$2rdacarrier 200 00$aAsia-Pacific population journal /$fUnited Nations 210 $a[Bangkok] $c[Population Division of the United Nations Economic and Social Commission for Asia and the Pacific]$d[1986]-2017 215 $a1 online resource 300 $aRefereed/Peer-reviewed 300 $aTitle from cover. 311 08$aPrint version: Asia-Pacific population journal / 0259-238X (DLC) 87918701 (OCoLC)15288841 531 $aASIA PAC POPUL J 531 0 $aAsia-Pac. popul. j. 606 $aBirth control$zAsia$vPeriodicals 606 $aBirth control$zPacific Area$vPeriodicals 606 $aDemography 606 $aPopulation Control 606 $aPopulation Dynamics 606 $aBirth control$2fast$3(OCoLC)fst00833148 606 $aPopulation$2fast$3(OCoLC)fst01071476 606 $aBevölkerung$2stw 606 $aAsiatisch-pazifischer Raum$2stw 607 $aAsia$xPopulation$vPeriodicals 607 $aPacific Area$xPopulation$vPeriodicals 607 $aAsia 607 $aAsia$2fast$1https://id.oclc.org/worldcat/entity/E39PBJxMpyjKQ9Jtm3jkjPBgKd 607 $aPacific Area$2fast 608 $aPeriodical. 608 $aPeriodicals.$2fast 608 $aPeriodicals.$2lcgft 610 $aTitles of journals. 615 0$aBirth control 615 0$aBirth control 615 2$aDemography. 615 2$aPopulation Control. 615 2$aPopulation Dynamics. 615 7$aBirth control. 615 7$aPopulation. 615 7$aBevölkerung. 615 7$aAsiatisch-pazifischer Raum. 676 $a304.6/095 712 02$aUnited Nations.$bEconomic and Social Commission for Asia and the Pacific.$bPopulation Division. 712 02$aUnited Nations Fund for Population Activities. 906 $aJOURNAL 912 $a996201086103316 920 $aexl_impl conversion 996 $aAsia-Pacific population journal$92260401 997 $aUNISA